000
00291nam a2200133Ia 4500
100
_a
Mahahar Lotia
490
_v
05-Aug
942
_c
BK
654
_a
colour
245
_a
Modern colour Television circuits
260
_b
BPB
_a
New Delhi
_c
2001
082
_a
621.388
_b
MAH
546
_a
ENGLISH
999
_c
30530
_d
30530